Welcome to CU Library Online Public Access Catalogue (OPAC)

Agricultural price distortions, inequality, and poverty / (Record no. 1610)

MARC details
000 -LEADER
fixed length control field 01015cam a22002894a 4500
001 - CONTROL NUMBER
control field 15954070
005 - DATE AND TIME OF LATEST TRANSACTION
control field 20241127125542.0
008 - FIXED-LENGTH DATA ELEMENTS--GENERAL INFORMATION
fixed length control field 091013s2010 dcuab b i001 0 eng
020 ## - INTERNATIONAL STANDARD BOOK NUMBER
International Standard Book Number 9780821381847
020 ## - INTERNATIONAL STANDARD BOOK NUMBER
International Standard Book Number 0821381849
020 ## - INTERNATIONAL STANDARD BOOK NUMBER
International Standard Book Number 9780821381854 (electronic)
020 ## - INTERNATIONAL STANDARD BOOK NUMBER
International Standard Book Number 0821381857 (electronic)
050 00 - LIBRARY OF CONGRESS CALL NUMBER
Classification number HD1447
Item number .A37 2010
082 00 - DEWEY DECIMAL CLASSIFICATION NUMBER
Classification number 339.4/6
Edition information 22
245 00 - TITLE STATEMENT
Title Agricultural price distortions, inequality, and poverty /
Statement of responsibility, etc. Kym Anderson, John Cockburn, and Will Martin, editors.
260 ## - PUBLICATION, DISTRIBUTION, ETC.
Place of publication, distribution, etc. Washington, D.C. :
Name of publisher, distributor, etc. World Bank,
Date of publication, distribution, etc. c2010.
300 ## - PHYSICAL DESCRIPTION
Extent xxv, 514 p. :
Other physical details ill., map ;
Dimensions 23 cm.
650 #0 - SUBJECT ADDED ENTRY--TOPICAL TERM
Topical term or geographic name entry element Agricultural prices
General subdivision Government policy.
650 #0 - SUBJECT ADDED ENTRY--TOPICAL TERM
Topical term or geographic name entry element Farm income
Geographic subdivision Developing countries.
650 #0 - SUBJECT ADDED ENTRY--TOPICAL TERM
Topical term or geographic name entry element Agricultural wages
Geographic subdivision Developing countries.
650 #0 - SUBJECT ADDED ENTRY--TOPICAL TERM
Topical term or geographic name entry element Poverty.
700 1# - ADDED ENTRY--PERSONAL NAME
Personal name Anderson, Kym.
700 1# - ADDED ENTRY--PERSONAL NAME
Personal name Cockburn, John.
700 1# - ADDED ENTRY--PERSONAL NAME
Personal name Martin, Will,
Dates associated with a name 1953-
856 42 - ELECTRONIC LOCATION AND ACCESS
Materials specified Publisher description
Uniform Resource Identifier <a href="http://www.loc.gov/catdir/enhancements/fy1210/2009041807-d.html">http://www.loc.gov/catdir/enhancements/fy1210/2009041807-d.html</a>
942 ## - ADDED ENTRY ELEMENTS (KOHA)
Source of classification or shelving scheme Library of Congress Classification
Koha item type Books
Suppress in OPAC No
999 ## -
-- 1610
-- 1610
Holdings
Withdrawn status Lost status Source of classification or shelving scheme Damaged status Not for loan Collection Home library Current library Shelving location Date acquired Total checkouts Full call number Barcode Date last seen Copy number Price effective from Koha item type
    Library of Congress Classification     Non-fiction Business Library (Miotso) Business Library (Miotso) General stacks 03/18/2026   HD1447 .A37 AGR BSSM00002916 03/18/2026 1 03/18/2026 Books
    Library of Congress Classification     Non-fiction Business Library (Miotso) Business Library (Miotso) General stacks 03/18/2026   HD1447 .A37 AGR BSSM00002917 03/18/2026 2 03/18/2026 Books
    Library of Congress Classification     Non-fiction Business Library (Miotso) Business Library (Miotso) General stacks 03/18/2026   HD1447 .A37 AGR BSSM00002918 03/18/2026 3 03/18/2026 Books
    Library of Congress Classification     Non-fiction Graduate Library (Christ Temple) Graduate Library (Christ Temple) General stacks 11/27/2024   HD 1447 AGR GSCT00000135 11/27/2024 1 11/27/2024 Books
© 2023-2024 Copyright: Central University Libraries. All Rights Reserved | Created by: Mahone Tech Office